| 000 | 00000nas 2200000za 4500 |
| 001 | 9.802674 |
| 003 | CaOODSP |
| 005 | 20240703102706 |
| 007 | cr ||||||||||| |
| 008 | 150819c20129999oncqr p o f000#a0eng|d |
| 022 | |a2369-4254 |
| 040 | |aCaOODSP|beng |
| 043 | |an-cn--- |
| 086 | 1 |aA103-3E-PDF |
| 222 | 0|aPlant science scan |
| 245 | 00|aPlant science scan |h[electronic resource]. |
| 260 | |aOttawa : |bCanadian Food Inspection Agency, |c[2012]- |
| 310 | |aQuarterly |
| 362 | 1 |aBegan with: Edition 1, 2012? |
| 500 | |aIssued also in French under title: Survol science des végétaux. |
| 692 | 07|2gccst|aPlant diseases |
| 692 | 07|2gccst|aScientific research |
| 710 | 2 |aCanadian Food Inspection Agency. |
| 775 | 08|tSurvol science des végétaux |w(CaOODSP)9.802675 |